Cơ sở sinh lý cá và những ứng dụng vào thực tế sản xuất
Giới thiệu đối tượng và nhiệm vụ của sinh lý cá; sinh lý máu; hô hấp ở cá; tiêu hóa và trao đổi chất ở cá; tiết niệu và điều hòa áp suất thẩm thấu ở cá; sự sinh sản của cá; những yếu tố " phi kỹ thuật" hay những việc nê...
שמור ב:
| מחבר ראשי: | |
|---|---|
| פורמט: | ספר |
| שפה: | Undetermined |
| יצא לאור: |
Hà Nội
Giáo dục Việt Nam
2010
|
| נושאים: | |
| תגים: |
הוספת תג
אין תגיות, היה/י הראשונ/ה לתייג את הרשומה!
|
| Thư viện lưu trữ: | Trung tâm Học liệu Trường Đại học Cần Thơ |
|---|
| LEADER | 01054nam a2200217Ia 4500 | ||
|---|---|---|---|
| 001 | CTU_175225 | ||
| 008 | 210402s9999 xx 000 0 und d | ||
| 020 | |c 30000 | ||
| 082 | |a 591.76 | ||
| 082 | |b T305 | ||
| 100 | |a Phạm, Tân Tiến | ||
| 245 | 0 | |a Cơ sở sinh lý cá và những ứng dụng vào thực tế sản xuất | |
| 245 | 0 | |c Phạm Tân Tiến | |
| 260 | |a Hà Nội | ||
| 260 | |b Giáo dục Việt Nam | ||
| 260 | |c 2010 | ||
| 520 | |a Giới thiệu đối tượng và nhiệm vụ của sinh lý cá; sinh lý máu; hô hấp ở cá; tiêu hóa và trao đổi chất ở cá; tiết niệu và điều hòa áp suất thẩm thấu ở cá; sự sinh sản của cá; những yếu tố " phi kỹ thuật" hay những việc nên làm và không nên làm trong nuôi cá;...... | ||
| 650 | |a Fishes,Cá | ||
| 650 | |x Ecology,Sinh thái | ||
| 904 | |i Hải | ||
| 980 | |a Trung tâm Học liệu Trường Đại học Cần Thơ | ||